Komunálna právnická osoba

Obce často zriaďujú právnické osoby tzv. tretieho sektora, najčastejšie neziskové organizácie poskytujúce všeobecne prospešné služby. Existencia obecných neziskových spoločností spôsobuje množstvo právnych problémov. Napriek ich početnosti a aplikačným problémom sa v právnej vede a právnej spisbe ko...

Full description

Saved in:
Bibliographic Details
Main Author: Tekeli, Jozef
Format: Book Chapter
Language:Slovak
Subjects:
Tags: Add Tag
No Tags, Be the first to tag this record!

MARC

LEADER 00000naa a2200000 4500
001 0308279
005 20250425102100.0
041 0 |a slo 
044 |a SK 
245 1 0 |a Komunálna právnická osoba  |c Jozef Tekeli 
520 |a Obce často zriaďujú právnické osoby tzv. tretieho sektora, najčastejšie neziskové organizácie poskytujúce všeobecne prospešné služby. Existencia obecných neziskových spoločností spôsobuje množstvo právnych problémov. Napriek ich početnosti a aplikačným problémom sa v právnej vede a právnej spisbe komunálnym právnickým osobám tretieho sektora vôbec nevenuje pozornosť. Príspevok je určený na odstránenie tohto informačného deficitu. 
610 2 0 |a právo správne 
610 2 0 |a obce 
610 2 0 |a osoby právnické 
610 2 0 |a organizácie neziskové 
610 2 0 |a sektor terciárny 
100 1 |a Tekeli, Jozef